| 000 | 01380nam0a2200373 4500 | ||
|---|---|---|---|
| 001 | RU\NLR\bibl\293361 | ||
| 005 | 20250620143023.0 | ||
| 010 |
_a5-256-01513-3 _9500 |
||
| 021 |
_aRU _b2002-17321 _9871 |
||
| 035 | _a(NLR Aleph) 000288714 | ||
| 090 |
_a1690249 _c1690249 |
||
| 100 | _a20020723d2000 |||y0rusy50 ca | ||
| 101 | 0 | _arus | |
| 102 | _aRU | ||
| 105 | _aa ||||||||| | ||
| 200 | 1 |
_aОсновы электромагнитной экологии _fСподобаев Ю.М., Кубанов В.П. |
|
| 210 |
_aМ. _cРадио и связь _d2000 |
||
| 215 |
_a240 с. _cил. _d21 |
||
| 320 | _aБиблиогр.: с. 232-236 | ||
| 606 | 0 |
_aЭлектромагнитная экология _92256200 _3RU\NLR\auth\661353065 |
|
| 610 | 0 | _aЭлектромагнитные волны - Биологическое действие | |
| 610 | 0 | _aОкружающая среда - Значение антропического фактора | |
| 675 |
_a504 _v3 _zrus |
||
| 686 |
_a87 _2rugasnti |
||
| 686 |
_a20.18 _2rubbk |
||
| 686 | _aР120.112 | ||
| 700 | 1 |
_aСподобаев _bЮ. М. _gЮрий Михайлович _4070 |
|
| 701 | 1 |
_aКубанов _bВ. П. _gВиктор Павлович _4070 |
|
| 801 | 0 |
_aRU _bRKP _c20020723 _gPSBO |
|
| 801 | 1 |
_aRU _bRKP _c20020723 |
|
| 801 | 2 |
_aRU _bNLR _c20020913 _grcr |
|
| 942 | _cBOOK | ||
| 980 | _aNB | ||